Od kumulácie rizík vo finančnom sektore k ich materializácií
Vysvetlenie rozdielov medzi finančným a hospodárskym cyklom. Indikatívny vývoj cyklickosti a identifikácia finančného cyklu v SR. Kumulácia rizík vo finančnom sektore. Materializácia rizík vo finančnom sektore a predikcia vývoja hospodárskeho cyklu. Predikcie základných makrofundamentov ako východis...
Salvato in:
| Autore principale: | |
|---|---|
| Natura: | Capitolo di libro |
| Lingua: | slovacco |
| Soggetti: | |
| Tags: |
Nessun Tag, puoi essere il primo ad aggiungerne!!
|
MARC
| LEADER | 00000naa a2200000 4500 | ||
|---|---|---|---|
| 001 | 0268495 | ||
| 005 | 20240717111929.1 | ||
| 041 | 0 | |a slo | |
| 044 | |a SK | ||
| 245 | 1 | 0 | |a Od kumulácie rizík vo finančnom sektore k ich materializácií |c Igor Dvornický |
| 520 | |a Vysvetlenie rozdielov medzi finančným a hospodárskym cyklom. Indikatívny vývoj cyklickosti a identifikácia finančného cyklu v SR. Kumulácia rizík vo finančnom sektore. Materializácia rizík vo finančnom sektore a predikcia vývoja hospodárskeho cyklu. Predikcie základných makrofundamentov ako východisko vývoja hospodárskeho cyklu. | ||
| 610 | 2 | 0 | |a riziko |
| 610 | 2 | 0 | |a stabilita finančná |
| 610 | 2 | 0 | |a cykly hospodárske |
| 610 | 2 | 0 | |a sektor finančný |
| 610 | 2 | 0 | |a kríza |
| 610 | 2 | 0 | |a fluktuácia |
| 100 | 1 | |a Dvornický, Igor, 1985- | |